000 01326nam a22002057a 4500
999 _c59905
_d59905
003 Ge_BSU
005 20230510093223.0
008 230510s1967 ge ||||| |||| 00| 0 geo d
041 _ageo
080 _a903.03(479.22) უ-18
100 _aუგრელიძე, ნინო
_918050
245 _aადრეულ შუასაუკუნეთა ქართლში მინის წარმოების ისტორიისათვის /
_cნინო უგრელიძე ; ივ. ჯავახიშვილის სახ. ისტორიის, არქეოლოგიისა და ეთნოგრაფიის ინ-ტი.
264 _aთბილისი :
_bმეცნიერება,
_c1967.
300 _a159 გვ. :
_b2 ფ. ილ. და ცხრილ. ;
_c26 სმ.
504 _aბიბლიოგრაფია შენიშვნებში.
520 _aრეზუმე რუსულ ენაზე.
653 _aმინის წარმოება საქართველოში
710 _aივ. ჯავახიშვილის სახ. ისტორიის, არქეოლოგიისა და ეთნოგრაფიის ინსტიტუტი.
_918051
942 _2udc
_cBK